书目信息 |
| 题名: |
人物肖像摄影指南
|
|
| 作者: | 韩丛耀 编译 | |
| 分册: | ||
| 出版信息: | 南京 江苏人民出版社 1997 |
|
| 页数: | 157页 | |
| 开本: | 19×17cm | |
| 丛书名: | 光与影摄影艺丛 | |
| 单 册: | ||
| 中图分类: | J413 | |
| 科图分类: | 48.553 | |
| 主题词: | 人像摄影-摄影技术 , 摄影技术-人像摄影 | |
| 电子资源: | ||
| ISBN: | 7-214-01529-3 | |
| 000 | 00761nnam 2200265 45 | |
| 001 | 0196011889 | |
| 005 | 20070729104301.14 | |
| 010 | @a7-214-01529-3@dCNY21.00 | |
| 100 | @a19950629d1997 y0chiy0121 ea | |
| 101 | 1 | @achi |
| 102 | @aCN@b320000 | |
| 105 | @aa g 000yy | |
| 200 | 10 | @a人物肖像摄影指南@AREN WU XIAO XIANG SHE YING ZHI NAN@f韩丛耀编译@FHAN CONG YAO BIAN YI |
| 210 | @a南京@c江苏人民出版社@d1997 | |
| 215 | @a157页@d19×17cm | |
| 225 | 2 | @a光与影摄影艺丛 |
| 410 | 0 | @120010@a光与影摄影艺丛 |
| 540 | 1 | @a人物 肖像@AREN WU XIAO XIANG |
| 606 | @a人像摄影-摄影技术 | |
| 606 | @a摄影技术-人像摄影 | |
| 690 | @aJ413 | |
| 692 | @a48.553 | |
| 701 | 0 | @a韩丛耀@AHAN CONG YAO@4编译 |
| 801 | 0 | @aCN@bTSSF@c20070729 |
| 905 | @a10447@dJ413@e211 | |
| 人物肖像摄影指南/韩丛耀编译.-南京:江苏人民出版社,1997 |
| 157页;19×17cm.-(光与影摄影艺丛) |
| ISBN 7-214-01529-3:CNY21.00 |
| ● |
| 相关链接 |
|
|
|
|
正题名:人物肖像摄影指南
索取号:J413/211
 
预约/预借
| 序号 | 登录号 | 条形码 | 馆藏地/架位号 | 状态 | 备注 |
| 1 | 0784677 | 207846777 | 第一样本阅览室/ [索取号:J413/211] | 在馆 | |
| 2 | 0784678 | 207846786 | 第一借阅区/ [索取号:J413/211] | 在馆 | |
| 3 | 0784832 | 207848329 | 第一借阅区/ [索取号:J413/211] | 在馆 |